Studi in onore di Milan S. Ďurica : [jubilejný zborník na počesť Milana S. Ďuricu] /

Hlavní autor: Rydlo, Jozef M., 1948-
Korporativní autor: Univerzitná knižnica v Bratislave
Další autoři: Ďurica, Jozef M.
Jazyk: Němčina
Slovenština
Italština
Francouzština
Angličtina
Vydáno: Bratislava : Slovenský ústav, 1995
Edice: Acta Academica Slovaca
Témata:
Fyzický popis: iv, 740 s. ; 25 cm
Knihy
Uloženo v:
LEADER 02430nam a2200661 a 4500
001 000057923
003 CZ BrMZK
005 20230911091149.0
007 ta
008 950313s1995 xo f 0dslo d
020 |a 80-85170-20-5 
040 |a BOA001  |b cze 
041 1 |a slo  |a ger  |a ita  |a eng  |a fre  |g ita  |g eng 
043 |a e-xo--- 
045 |a w-x- 
072 7 |a 930  |x Historická věda. Pomocné vědy historické. Archivnictví  |2 Konspekt  |9 8 
080 |a 930-051  |2 MRF 
080 |a 930  |2 MRF 
080 |a 316.72/.75  |2 MRF 
080 |a (=162.4)  |2 MRF 
080 |a (=162.3):(=162.4)  |2 MRF 
080 |a 316.347  |2 MRF 
080 |a 14:27  |2 MRF 
080 |a 27-1  |2 MRF 
080 |a 80  |2 MRF 
080 |a 94(437.6)  |2 MRF 
080 |a (437.6)  |2 MRF 
080 |a (062.552)  |2 MRF 
080 |a (082.2)  |2 MRF 
100 1 |a Rydlo, Jozef M.,  |d 1948-  |7 ola2002153182  |4 com 
245 1 0 |a Studi in onore di Milan S. Ďurica :  |b [jubilejný zborník na počesť Milana S. Ďuricu] /  |c a cura di Jozef M. Rydlo. 
260 |a Bratislava :  |b Slovenský ústav,  |c 1995 
300 |a iv, 740 s. ;  |c 25 cm 
490 1 |a Acta Academica Slovaca ;  |v 50 
500 |a Bibliogr. 
541 |a Bratislava, Univerzitná knižnica 
600 1 7 |a Ďurica, Milan S.,  |d 1925-  |7 xx0017559  |2 czenas 
648 7 |a 20. století  |7 ch460558 
648 4 |a 1945-1995 
648 7 |a 19.-20. století  |7 ch757015  |2 czenas 
650 0 7 |a historici  |7 ph114665  |z Slovensko  |y 20. století  |2 czenas 
650 0 7 |a historiografie  |7 ph114672  |y 20. století  |2 czenas 
650 0 7 |a kultura a společnost  |7 ph122010  |y 19.-20. století  |2 czenas 
650 0 7 |a Slováci  |7 ph118089  |y 19.-20. století  |2 czenas 
650 0 7 |a Češi a Slováci  |7 ph136917  |y 19.-20. století  |2 czenas 
650 0 7 |a národní identita  |7 ph117245  |y 19.-20. století  |2 czenas 
650 0 7 |a křesťanská filozofie  |7 ph138449  |2 czenas 
650 0 7 |a křesťanská teologie  |7 ph115064  |2 czenas 
650 0 7 |a filologie  |7 ph120216  |2 czenas 
651 7 |a Slovensko  |7 ge128580  |x dějiny  |y 19.-20. století  |2 czenas 
655 7 |a sborníky  |7 fd724344  |2 czenas 
655 7 |a jubilejní publikace  |7 fd131839  |2 czenas 
700 1 |a Ďurica, Jozef M.  |4 ilu 
710 2 |a Univerzitná knižnica v Bratislave  |7 kn20020321753 
830 0 |a Acta Academica Slovaca 
910 |a BOA001  |b 2-1016.379 
990 |a BK 
996 7 |b 2610031262  |c 2-1016.379  |l MZK  |r Sklad / do 1 hodiny  |n 2  |p vým  |w 000057923  |u 000010  |a 1  |e BOA001  |j MZK50  |s A